[Event "European Women's Championship"]
[Site "Vysoke Tatry"]
[Date "2018.04.11"]
[Round "4"]
[White "Ferkova, Dominika"]
[Black "Martynkova, Olena"]
[Result "0-1"]
[Board "65"]
[WhiteElo "2068"]
[WhiteCountry "SVK"]
[WhiteFideId "14933071"]
[WhiteEloChange "-5"]
[BlackElo "2280"]
[BlackTitle "WIM"]
[BlackCountry "UKR"]
[BlackFideId "14134039"]
[BlackEloChange "5"]

1. d4 {[%clk 1:30:57]} f5 {[%clk 1:30:23]} 2. g3 {[%clk 1:30:50]} Nf6 {[%clk
1:30:17]} 3. Nf3 {[%clk 1:30:19]} e6 {[%clk 1:29:52]} 4. Bg2 {[%clk 1:28:50]} d5
{[%clk 1:25:56]} 5. O-O {[%clk 1:26:48]} Bd6 {[%clk 1:24:32]} 6. Ne5 {[%clk
1:22:11]} O-O {[%clk 1:13:24]} 7. c4 {[%clk 1:16:07]} c6 {[%clk 1:11:19]} 8. c5
{[%clk 1:04:13]} Bxe5 {[%clk 0:57:29]} 9. dxe5 {[%clk 1:03:40]} Nfd7 {[%clk
0:57:43]} 10. Qd4 {[%clk 1:03:20]} b6 {[%clk 0:49:14]} 11. b4 {[%clk 0:59:25]} a5
{[%clk 0:40:45]} 12. a3 {[%clk 0:55:44]} bxc5 {[%clk 0:38:48]} 13. bxc5 {[%clk
0:56:06]} Na6 {[%clk 0:38:51]} 14. Be3 {[%clk 0:55:46]} Naxc5 {[%clk 0:32:32]}
15. Qc3 {[%clk 0:54:15]} Qe7 {[%clk 0:29:26]} 16. Bd4 {[%clk 0:39:20]} Bb7 {[%clk
0:22:31]} 17. f3 {[%clk 0:37:43]} Na6 {[%clk 0:18:32]} 18. Qxa5 {[%clk 0:37:05]}
c5 {[%clk 0:18:10]} 19. Bb2 {[%clk 0:36:56]} Nb4 {[%clk 0:15:49]} 20. Qc7 {[%clk
0:30:50]} Nc2 {[%clk 0:15:40]} 21. Qxb7 {[%clk 0:30:43]} Rab8 {[%clk 0:14:59]}
22. Qc7 {[%clk 0:28:08]} Rxb2 {[%clk 0:15:14]} 23. Nc3 {[%clk 0:28:33]} Nxa1
{[%clk 0:14:55]} 24. Rxa1 {[%clk 0:28:57]} Qd8 {[%clk 0:11:02]} 25. Qd6 {[%clk
0:28:20]} Rb6 {[%clk 0:10:46]} 0-1

[Event "European Women's Championship"]
[Site "Vysoke Tatry"]
[Date "2018.04.11"]
[Round "4"]
[White "Trisha Kanyamarala"]
[Black "Stetsko, Lanita"]
[Result "0-1"]
[Board "66"]
[WhiteElo "2031"]
[WhiteCountry "IRL"]
[WhiteFideId "45004722"]
[WhiteEloChange "-6"]
[BlackElo "2164"]
[BlackTitle "FM"]
[BlackCountry "BLR"]
[BlackFideId "13505300"]
[BlackEloChange "6"]

1. Nf3 {[%clk 1:30:48]} Nf6 {[%clk 1:30:36]} 2. c4 {[%clk 1:30:50]} e6 {[%clk
1:30:51]} 3. Nc3 {[%clk 1:30:31]} d5 {[%clk 1:30:37]} 4. e3 {[%clk 1:30:18]} a6
{[%clk 1:25:13]} 5. b3 {[%clk 1:30:12]} Bd6 {[%clk 1:23:01]} 6. Bb2 {[%clk
1:30:21]} b6 {[%clk 1:19:57]} 7. d4 {[%clk 1:22:52]} Bb7 {[%clk 1:19:48]} 8. Bd3
{[%clk 1:23:01]} Nbd7 {[%clk 1:19:41]} 9. Qc2 {[%clk 1:13:41]} Qe7 {[%clk
1:17:35]} 10. a3 {[%clk 0:56:59]} O-O {[%clk 1:13:24]} 11. e4 {[%clk 0:42:02]}
dxe4 {[%clk 0:59:19]} 12. Nxe4 {[%clk 0:41:56]} Nxe4 {[%clk 0:58:38]} 13. Bxe4
{[%clk 0:42:16]} Bxe4 {[%clk 0:59:03]} 14. Qxe4 {[%clk 0:42:36]} c5 {[%clk
0:56:43]} 15. O-O {[%clk 0:37:56]} cxd4 {[%clk 0:35:24]} 16. Qxd4 {[%clk
0:36:21]} e5 {[%clk 0:34:05]} 17. Qc3 {[%clk 0:36:13]} f6 {[%clk 0:31:17]} 18.
Rad1 {[%clk 0:25:24]} Nc5 {[%clk 0:30:07]} 19. b4 {[%clk 0:22:13]} Ne6 {[%clk
0:27:54]} 20. Qe3 {[%clk 0:21:17]} Bc7 {[%clk 0:26:10]} 21. Rd2 {[%clk 0:15:33]}
Rad8 {[%clk 0:22:34]} 22. Rfd1 {[%clk 0:14:09]} Rxd2 {[%clk 0:21:48]} 23. Rxd2
{[%clk 0:13:51]} Rd8 {[%clk 0:20:40]} 24. Rxd8+ {[%clk 0:11:36]} Qxd8 {[%clk
0:20:50]} 25. Qd2 {[%clk 0:09:44]} Kf7 {[%clk 0:19:58]} 26. Qxd8 {[%clk 0:07:30]}
Bxd8 {[%clk 0:15:30]} 27. Kf1 {[%clk 0:07:07]} a5 {[%clk 0:14:44]} 28. g3 {[%clk
0:05:50]} axb4 {[%clk 0:14:42]} 29. axb4 {[%clk 0:06:15]} Be7 {[%clk 0:14:36]}
30. Bc3 {[%clk 0:06:35]} Nc7 {[%clk 0:13:11]} 31. Ne1 {[%clk 0:05:06]} Ke6 {[%clk
0:07:10]} 32. Ke2 {[%clk 0:05:09]} h5 {[%clk 0:07:00]} 33. Nc2 {[%clk 0:03:44]}
g5 {[%clk 0:05:58]} 34. f3 {[%clk 0:01:58]} g4 {[%clk 0:04:26]} 35. fxg4 {[%clk
0:02:06]} hxg4 {[%clk 0:04:54]} 36. Bd2 {[%clk 0:02:12]} b5 {[%clk 0:03:24]} 37.
c5 {[%clk 0:02:22]} f5 {[%clk 0:03:12]} 38. Kd3 {[%clk 0:02:02]} Nd5 {[%clk
0:02:44]} 39. Ne3 {[%clk 0:01:12]} Nxe3 {[%clk 0:00:42]} 40. Bxe3 {[%clk
0:31:36]} Kd5 {[%clk 0:31:09]} 41. Bh6 {[%clk 0:17:14]} Bd8 {[%clk 0:30:20]} 42.
Ke3 {[%clk 0:13:20]} Bc7 {[%clk 0:28:45]} 43. Bg5 {[%clk 0:12:32]} Ke6 {[%clk
0:19:22]} 44. Kd3 {[%clk 0:08:29]} Kf7 {[%clk 0:18:00]} 45. Ke3 {[%clk 0:07:59]}
Kf8 {[%clk 0:14:36]} 46. Kd3 {[%clk 0:07:42]} Ke8 {[%clk 0:14:26]} 47. Ke3 {[%clk
0:05:32]} Kf7 {[%clk 0:14:35]} 48. Kd3 {[%clk 0:05:40]} Ke6 {[%clk 0:14:27]} 49.
Ke3 {[%clk 0:05:46]} Kd5 {[%clk 0:14:48]} 50. Bh6 {[%clk 0:05:54]} Bd8 {[%clk
0:14:53]} 51. Kd3 {[%clk 0:04:35]} Be7 {[%clk 0:14:52]} 52. Ke3 {[%clk 0:01:58]}
Kc4 {[%clk 0:11:24]} 53. Bg7 {[%clk 0:01:20]} Bg5+ {[%clk 0:11:23]} 54. Ke2
{[%clk 0:01:40]} Kd5 {[%clk 0:11:41]} 55. Kd3 {[%clk 0:00:46]} f4 {[%clk
0:10:34]} 56. Ke2 {[%clk 0:00:37]} f3+ {[%clk 0:08:47]} 57. Kf1 {[%clk 0:00:51]}
e4 {[%clk 0:09:08]} 58. Bh8 {[%clk 0:00:39]} e3 {[%clk 0:09:07]} 59. Bc3 {[%clk
0:00:32]} Kc4 {[%clk 0:09:15]} 60. c6 {[%clk 0:00:43]} Kxc3 {[%clk 0:09:21]} 61.
c7 {[%clk 0:01:07]} Kd2 {[%clk 0:09:35]} 0-1

[Event "European Women's Championship"]
[Site "Vysoke Tatry"]
[Date "2018.04.11"]
[Round "4"]
[White "Makka, Ioulia"]
[Black "Nadzamova, Viktoria"]
[Result "1-0"]
[Board "68"]
[WhiteElo "2076"]
[WhiteTitle "WIM"]
[WhiteCountry "GRE"]
[WhiteFideId "4205316"]
[WhiteEloChange "3"]
[BlackElo "1766"]
[BlackTitle "WCM"]
[BlackCountry "SVK"]
[BlackFideId "14943999"]
[BlackEloChange "-3"]

1. e4 {[%clk 1:30:57]} c5 {[%clk 1:30:54]} 2. Nf3 {[%clk 1:31:13]} e6 {[%clk
1:31:18]} 3. g3 {[%clk 1:29:18]} Nf6 {[%clk 1:28:58]} 4. Qe2 {[%clk 1:29:05]} Nc6
{[%clk 1:27:58]} 5. c3 {[%clk 1:29:15]} e5 {[%clk 1:27:09]} 6. Bg2 {[%clk
1:29:03]} a6 {[%clk 1:24:05]} 7. O-O {[%clk 1:25:39]} Be7 {[%clk 1:20:34]} 8. Rd1
{[%clk 1:22:06]} O-O {[%clk 1:17:48]} 9. d4 {[%clk 1:17:40]} cxd4 {[%clk
1:12:54]} 10. cxd4 {[%clk 1:17:34]} exd4 {[%clk 1:12:08]} 11. e5 {[%clk 1:13:14]}
Ne8 {[%clk 1:07:00]} 12. Nxd4 {[%clk 1:11:52]} Nxd4 {[%clk 1:05:34]} 13. Rxd4
{[%clk 1:12:18]} Bc5 {[%clk 0:53:28]} 14. Rc4 {[%clk 1:02:50]} d6 {[%clk
0:41:04]} 15. Nc3 {[%clk 0:49:54]} Be6 {[%clk 0:35:46]} 16. Rh4 {[%clk 0:37:25]}
dxe5 {[%clk 0:31:57]} 17. Qxe5 {[%clk 0:33:14]} Be7 {[%clk 0:27:51]} 18. Rd4
{[%clk 0:29:31]} Qc8 {[%clk 0:21:18]} 19. Nd5 {[%clk 0:24:44]} Bc5 {[%clk
0:18:15]} 20. Rh4 {[%clk 0:20:53]} Bxd5 {[%clk 0:12:14]} 21. Bxd5 {[%clk
0:12:21]} Nf6 {[%clk 0:11:20]} 22. Bf3 {[%clk 0:10:00]} Re8 {[%clk 0:09:55]} 23.
Qc3 {[%clk 0:10:18]} Ra7 {[%clk 0:06:33]} 24. Rc4 {[%clk 0:09:34]} b6 {[%clk
0:05:25]} 25. b4 {[%clk 0:09:14]} Nd7 {[%clk 0:00:37]} 26. bxc5 {[%clk 0:07:38]}
Ne5 {[%clk 0:00:37]} 27. Bb2 {[%clk 0:06:56]} f6 {[%clk 0:00:37]} 28. Bd5+ {[%clk
0:05:50]} Kh8 {[%clk 0:00:41]} 29. Rh4 {[%clk 0:05:37]} bxc5 {[%clk 0:00:37]} 30.
Rc1 {[%clk 0:05:12]} Rc7 {[%clk 0:00:35]} 31. Qc2 {[%clk 0:04:24]} g6 {[%clk
0:00:36]} 32. f4 {[%clk 0:03:56]} 1-0

[Event "European Women's Championship"]
[Site "Vysoke Tatry"]
[Date "2018.04.11"]
[Round "4"]
[White "Zpevakova, Jana"]
[Black "Koloditsova, Renata"]
[Result "1-0"]
[Board "70"]
[WhiteElo "2106"]
[WhiteCountry "CZE"]
[WhiteFideId "334030"]
[WhiteEloChange "6"]
[BlackElo "1978"]
[BlackCountry "SVK"]
[BlackFideId "14927705"]
[BlackEloChange "-6"]

1. d4 {[%clk 1:30:59]} Nf6 {[%clk 1:30:43]} 2. c4 {[%clk 1:31:18]} g6 {[%clk
1:30:47]} 3. Nc3 {[%clk 1:31:20]} d5 {[%clk 1:30:50]} 4. cxd5 {[%clk 1:31:37]}
Nxd5 {[%clk 1:31:04]} 5. Bd2 {[%clk 1:31:57]} Bg7 {[%clk 1:30:41]} 6. Nf3 {[%clk
1:32:21]} c5 {[%clk 1:30:03]} 7. Rc1 {[%clk 1:32:40]} Nxc3 {[%clk 1:29:01]} 8.
Bxc3 {[%clk 1:31:35]} cxd4 {[%clk 1:28:43]} 9. Bxd4 {[%clk 1:27:58]} O-O {[%clk
1:28:07]} 10. Bxg7 {[%clk 1:27:21]} Kxg7 {[%clk 1:28:19]} 11. Qxd8 {[%clk
1:22:23]} Rxd8 {[%clk 1:26:37]} 12. e4 {[%clk 1:21:54]} Nc6 {[%clk 1:24:02]} 13.
Bc4 {[%clk 1:18:11]} Bg4 {[%clk 1:15:20]} 14. Nd2 {[%clk 1:15:53]} Ne5 {[%clk
1:09:46]} 15. f4 {[%clk 0:59:42]} Nxc4 {[%clk 0:55:47]} 16. Rxc4 {[%clk 0:57:09]}
Rac8 {[%clk 0:54:58]} 17. b3 {[%clk 0:47:17]} b5 {[%clk 0:52:43]} 18. Rxc8 {[%clk
0:47:20]} Rxc8 {[%clk 0:52:54]} 19. Kf2 {[%clk 0:46:44]} Rc2 {[%clk 0:48:37]} 20.
Ke3 {[%clk 0:45:27]} Rc3+ {[%clk 0:39:56]} 21. Kd4 {[%clk 0:40:56]} Rc2 {[%clk
0:39:21]} 22. Kd3 {[%clk 0:39:27]} Rxa2 {[%clk 0:38:42]} 23. h3 {[%clk 0:37:23]}
Be6 {[%clk 0:31:41]} 24. g4 {[%clk 0:36:59]} Ra3 {[%clk 0:29:10]} 25. Kc3 {[%clk
0:36:22]} a5 {[%clk 0:23:59]} 26. Kb2 {[%clk 0:35:31]} b4 {[%clk 0:23:23]} 27. f5
{[%clk 0:35:21]} Bxb3 {[%clk 0:07:13]} 28. Nxb3 {[%clk 0:35:09]} Kf6 {[%clk
0:16:14]} 29. h4 {[%clk 0:30:26]} Ke5 {[%clk 0:13:13]} 30. fxg6 {[%clk 0:29:26]}
fxg6 {[%clk 0:13:13]} 31. Rf1 {[%clk 0:25:32]} a4 {[%clk 0:08:38]} 32. Nd2 {[%clk
0:22:09]} Rh3 {[%clk 0:06:12]} 33. Nf3+ {[%clk 0:19:40]} Kd6 {[%clk 0:05:12]} 34.
Rd1+ {[%clk 0:19:01]} Kc5 {[%clk 0:04:16]} 35. Rd5+ {[%clk 0:18:17]} Kb6 {[%clk
0:04:17]} 36. Rd3 {[%clk 0:16:43]} Kc5 {[%clk 0:03:57]} 37. g5 {[%clk 0:14:04]}
Rg3 {[%clk 0:02:43]} 38. Rd5+ {[%clk 0:11:34]} Kb6 {[%clk 0:02:59]} 39. Nd2
{[%clk 0:11:03]} Rg2 {[%clk 0:02:16]} 40. Kc2 {[%clk 0:39:24]} Rh2 {[%clk
0:31:04]} 41. Rd7 {[%clk 0:29:19]} Rxh4 {[%clk 0:11:51]} 42. Rxe7 {[%clk
0:27:58]} Rh2 {[%clk 0:10:42]} 43. Rd7 {[%clk 0:26:51]} Rg2 {[%clk 0:07:29]} 44.
Rd5 {[%clk 0:26:01]} Rg3 {[%clk 0:04:20]} 45. Nc4+ {[%clk 0:22:29]} Kc6 {[%clk
0:04:05]} 46. Ne5+ {[%clk 0:21:06]} Kb6 {[%clk 0:04:03]} 47. Nc4+ {[%clk
0:14:37]} Kc7 {[%clk 0:04:01]} 48. Rc5+ {[%clk 0:12:59]} Kd7 {[%clk 0:04:16]} 49.
Nb6+ {[%clk 0:11:52]} Kd6 {[%clk 0:03:53]} 50. Rd5+ {[%clk 0:11:49]} Ke6 {[%clk
0:04:04]} 51. Nxa4 {[%clk 0:12:06]} Rh3 {[%clk 0:02:22]} 52. Nc5+ {[%clk
0:12:09]} Kf7 {[%clk 0:02:08]} 53. e5 {[%clk 0:09:47]} b3+ {[%clk 0:01:32]} 54.
Nxb3 {[%clk 0:09:29]} Ke6 {[%clk 0:01:49]} 55. Ra5 {[%clk 0:06:58]} Kf5 {[%clk
0:01:41]} 56. Nd4+ {[%clk 0:06:04]} Kxg5 {[%clk 0:01:27]} 57. e6+ {[%clk
0:04:53]} Kf6 {[%clk 0:01:44]} 58. Ra7 {[%clk 0:05:10]} h5 {[%clk 0:00:56]} 59.
Rf7+ {[%clk 0:05:21]} Kg5 {[%clk 0:01:11]} 60. Nf3+ {[%clk 0:05:12]} 1-0

[Event "European Women's Championship"]
[Site "Vysoke Tatry"]
[Date "2018.04.11"]
[Round "4"]
[White "Koubova, Anna Marie"]
[Black "Azimova, Karina"]
[Result "0-1"]
[Board "71"]
[WhiteElo "1819"]
[WhiteCountry "CZE"]
[WhiteFideId "381470"]
[WhiteEloChange "-4"]
[BlackElo "2069"]
[BlackTitle "WFM"]
[BlackCountry "RUS"]
[BlackFideId "4108310"]
[BlackEloChange "4"]

1. e4 {[%clk 1:30:58]} Nf6 {[%clk 1:28:37]} 2. e5 {[%clk 1:31:07]} Nd5 {[%clk
1:29:05]} 3. d4 {[%clk 1:31:18]} d6 {[%clk 1:29:33]} 4. c4 {[%clk 1:31:29]} Nb6
{[%clk 1:30:01]} 5. exd6 {[%clk 1:31:43]} exd6 {[%clk 1:28:49]} 6. Nc3 {[%clk
1:31:36]} Be7 {[%clk 1:23:49]} 7. Bd3 {[%clk 1:31:32]} Nc6 {[%clk 1:23:33]} 8.
Nge2 {[%clk 1:30:11]} Bg4 {[%clk 1:20:50]} 9. Be3 {[%clk 1:28:33]} Bf6 {[%clk
1:16:13]} 10. Qd2 {[%clk 1:22:34]} Nb4 {[%clk 1:12:47]} 11. O-O {[%clk 1:16:57]}
Nxd3 {[%clk 1:10:48]} 12. Qxd3 {[%clk 1:17:17]} O-O {[%clk 1:10:47]} 13. b3
{[%clk 1:13:45]} Re8 {[%clk 1:06:29]} 14. h3 {[%clk 1:12:34]} Bh5 {[%clk
1:04:51]} 15. Nf4 {[%clk 1:10:29]} Bg6 {[%clk 1:05:12]} 16. Nxg6 {[%clk 1:10:17]}
hxg6 {[%clk 1:05:40]} 17. Rfe1 {[%clk 1:05:14]} a6 {[%clk 0:57:28]} 18. Re2
{[%clk 1:02:05]} d5 {[%clk 0:51:37]} 19. Rb1 {[%clk 0:50:02]} Qd7 {[%clk
0:43:39]} 20. c5 {[%clk 0:45:18]} Nc8 {[%clk 0:43:55]} 21. b4 {[%clk 0:44:49]}
Ne7 {[%clk 0:42:18]} 22. a4 {[%clk 0:42:18]} Nf5 {[%clk 0:37:17]} 23. Reb2 {[%clk
0:34:55]} Re7 {[%clk 0:34:40]} 24. b5 {[%clk 0:31:37]} a5 {[%clk 0:30:45]} 25.
Re2 {[%clk 0:24:25]} Rae8 {[%clk 0:28:54]} 26. Rbe1 {[%clk 0:24:17]} b6 {[%clk
0:27:47]} 27. Rd1 {[%clk 0:17:45]} Rd8 {[%clk 0:21:36]} 28. Red2 {[%clk 0:13:55]}
Qe8 {[%clk 0:20:02]} 29. cxb6 {[%clk 0:11:26]} cxb6 {[%clk 0:19:52]} 30. Re2
{[%clk 0:11:13]} Qd7 {[%clk 0:19:51]} 31. Rde1 {[%clk 0:09:24]} Qd6 {[%clk
0:17:35]} 32. Nb1 {[%clk 0:05:09]} Qb4 {[%clk 0:14:33]} 33. Nc3 {[%clk 0:01:35]}
Qd6 {[%clk 0:11:51]} 34. Nb1 {[%clk 0:01:44]} Rc7 {[%clk 0:11:37]} 35. Nd2 {[%clk
0:01:02]} Qb4 {[%clk 0:10:43]} 36. Bf4 {[%clk 0:00:37]} Rcc8 {[%clk 0:08:42]} 37.
Qb3 {[%clk 0:00:34]} Nxd4 {[%clk 0:07:24]} 0-1

[Event "European Women's Championship"]
[Site "Vysoke Tatry"]
[Date "2018.04.11"]
[Round "4"]
[White "Palma, Maria"]
[Black "Serakova, Tatana"]
[Result "1-0"]
[Board "72"]
[WhiteElo "2060"]
[WhiteTitle "WFM"]
[WhiteCountry "ITA"]
[WhiteFideId "898481"]
[WhiteEloChange "2"]
[BlackElo "1633"]
[BlackCountry "CZE"]
[BlackFideId "377856"]
[BlackEloChange "-2"]

1. c4 {[%clk 1:30:57]} e6 {[%clk 1:30:56]} 2. Nf3 {[%clk 1:31:13]} d5 {[%clk
1:31:12]} 3. b3 {[%clk 1:31:02]} Nf6 {[%clk 1:30:56]} 4. g3 {[%clk 1:31:19]} c5
{[%clk 1:27:57]} 5. Bg2 {[%clk 1:27:09]} b6 {[%clk 1:23:02]} 6. O-O {[%clk
1:25:54]} Bb7 {[%clk 1:23:18]} 7. cxd5 {[%clk 1:25:19]} Bxd5 {[%clk 1:17:00]} 8.
Nc3 {[%clk 1:22:20]} Bc6 {[%clk 1:17:05]} 9. d4 {[%clk 1:21:37]} cxd4 {[%clk
1:15:25]} 10. Qxd4 {[%clk 1:16:50]} Qxd4 {[%clk 1:14:08]} 11. Nxd4 {[%clk
1:17:14]} Bxg2 {[%clk 1:14:21]} 12. Kxg2 {[%clk 1:17:34]} Bc5 {[%clk 1:05:43]}
13. Ndb5 {[%clk 1:12:18]} Na6 {[%clk 1:04:47]} 14. Bf4 {[%clk 1:10:39]} O-O
{[%clk 1:02:15]} 15. Rfd1 {[%clk 1:04:55]} Nb4 {[%clk 0:50:58]} 16. e4 {[%clk
0:55:42]} a6 {[%clk 0:46:29]} 17. Nd6 {[%clk 0:52:22]} Ng4 {[%clk 0:40:23]} 18.
Rd2 {[%clk 0:40:29]} e5 {[%clk 0:37:29]} 19. f3 {[%clk 0:37:29]} exf4 {[%clk
0:33:37]} 20. fxg4 {[%clk 0:36:01]} fxg3 {[%clk 0:33:48]} 21. Kxg3 {[%clk
0:33:08]} Rad8 {[%clk 0:32:10]} 22. Rad1 {[%clk 0:32:05]} Be3 {[%clk 0:30:17]}
23. Nd5 {[%clk 0:25:11]} Nxd5 {[%clk 0:13:48]} 24. Rxd5 {[%clk 0:24:24]} h6
{[%clk 0:17:20]} 25. b4 {[%clk 0:21:31]} b5 {[%clk 0:12:42]} 26. h4 {[%clk
0:20:30]} Ra8 {[%clk 0:12:13]} 27. Kf3 {[%clk 0:17:44]} Bb6 {[%clk 0:11:46]} 28.
Rc1 {[%clk 0:17:02]} Bd8 {[%clk 0:10:05]} 29. g5 {[%clk 0:11:16]} hxg5 {[%clk
0:10:03]} 30. hxg5 {[%clk 0:11:39]} a5 {[%clk 0:09:08]} 31. a3 {[%clk 0:08:16]}
axb4 {[%clk 0:08:39]} 32. axb4 {[%clk 0:08:41]} Ra3+ {[%clk 0:07:55]} 33. Kg4
{[%clk 0:08:57]} Re3 {[%clk 0:06:01]} 34. Rxb5 {[%clk 0:06:45]} Be7 {[%clk
0:04:06]} 35. e5 {[%clk 0:05:50]} Rd3 {[%clk 0:03:30]} 36. Nf5 {[%clk 0:04:55]}
Bd8 {[%clk 0:03:11]} 37. Rb8 {[%clk 0:03:07]} Rb3 {[%clk 0:02:33]} 38. Rcc8
{[%clk 0:03:12]} Rd3 {[%clk 0:02:11]} 39. Nd6 {[%clk 0:02:45]} Be7 {[%clk
0:02:06]} 40. Rxf8+ {[%clk 0:32:53]} Bxf8 {[%clk 0:32:27]} 41. b5 {[%clk
0:26:56]} Rd4+ {[%clk 0:26:17]} 42. Kf3 {[%clk 0:24:51]} g6 {[%clk 0:20:10]} 43.
b6 {[%clk 0:23:56]} Kg7 {[%clk 0:17:03]} 44. b7 {[%clk 0:22:14]} Rb4 {[%clk
0:03:53]} 45. Ne8+ {[%clk 0:22:13]} Kg8 {[%clk 0:03:51]} 46. Nf6+ {[%clk
0:22:36]} Kg7 {[%clk 0:04:02]} 47. Rxf8 {[%clk 0:22:57]} Kxf8 {[%clk 0:03:37]}
48. b8Q+ {[%clk 0:23:11]} Rxb8 {[%clk 0:03:45]} 49. Nd7+ {[%clk 0:23:35]} Ke7
{[%clk 0:03:55]} 50. Nxb8 {[%clk 0:23:58]} Ke6 {[%clk 0:03:48]} 51. Ke4 {[%clk
0:24:20]} Ke7 {[%clk 0:02:57]} 52. Kd5 {[%clk 0:24:20]} 1-0

[Event "European Women's Championship"]
[Site "Vysoke Tatry"]
[Date "2018.04.12"]
[Round "5"]
[White "Ushenina, Anna"]
[Black "Dzagnidze, Nana"]
[Result "1-0"]
[Board "1"]
[WhiteElo "2422"]
[WhiteTitle "GM"]
[WhiteCountry "UKR"]
[WhiteFideId "14110911"]
[WhiteEloChange "6"]
[BlackElo "2507"]
[BlackTitle "GM"]
[BlackCountry "GEO"]
[BlackFideId "13601903"]
[BlackEloChange "-6"]

1. d4 {[%clk 1:30:55]} Nf6 {[%clk 1:30:54]} 2. c4 {[%clk 1:31:13]} e6 {[%clk
1:31:06]} 3. Nc3 {[%clk 1:31:37]} Bb4 {[%clk 1:29:37]} 4. Qc2 {[%clk 1:31:56]}
O-O {[%clk 1:27:56]} 5. e4 {[%clk 1:32:15]} d6 {[%clk 1:20:04]} 6. a3 {[%clk
1:32:03]} Bxc3+ {[%clk 1:20:24]} 7. bxc3 {[%clk 1:32:30]} e5 {[%clk 1:20:23]} 8.
Bd3 {[%clk 1:32:33]} Nc6 {[%clk 1:14:03]} 9. Ne2 {[%clk 1:32:33]} b6 {[%clk
1:14:10]} 10. O-O {[%clk 1:31:53]} Nd7 {[%clk 1:14:08]} 11. f4 {[%clk 1:28:49]}
Ba6 {[%clk 1:14:03]} 12. Rf3 {[%clk 1:26:33]} Na5 {[%clk 1:10:59]} 13. Ng3 {[%clk
1:26:29]} Bxc4 {[%clk 0:57:26]} 14. Bxc4 {[%clk 1:26:30]} Nxc4 {[%clk 0:57:54]}
15. Nf5 {[%clk 1:26:01]} g6 {[%clk 0:50:09]} 16. Nh6+ {[%clk 1:15:02]} Kg7 {[%clk
0:50:25]} 17. f5 {[%clk 1:15:24]} f6 {[%clk 0:40:20]} 18. fxg6 {[%clk 1:10:09]}
hxg6 {[%clk 0:40:44]} 19. Rg3 {[%clk 1:05:46]} Rh8 {[%clk 0:37:25]} 20. Qe2
{[%clk 1:03:50]} Rxh6 {[%clk 0:20:57]} 21. Bxh6+ {[%clk 1:03:57]} Kxh6 {[%clk
0:21:24]} 22. Qxc4 {[%clk 1:02:10]} Kg7 {[%clk 0:21:51]} 23. Rf1 {[%clk 0:58:06]}
Rc8 {[%clk 0:20:22]} 24. dxe5 {[%clk 0:47:44]} Nxe5 {[%clk 0:20:01]} 25. Qe6
{[%clk 0:46:20]} Rb8 {[%clk 0:17:58]} 26. h4 {[%clk 0:44:51]} Qf8 {[%clk
0:18:21]} 27. h5 {[%clk 0:43:16]} Re8 {[%clk 0:18:31]} 28. Qf5 {[%clk 0:40:38]}
Qf7 {[%clk 0:18:24]} 29. Rf4 {[%clk 0:37:29]} g5 {[%clk 0:09:37]} 30. Rxg5+
{[%clk 0:36:33]} Kh6 {[%clk 0:09:40]} 31. Rg3 {[%clk 0:33:52]} Rf8 {[%clk
0:07:51]} 32. Rh4 {[%clk 0:30:53]} Qd7 {[%clk 0:06:29]} 33. Qg6+ {[%clk 0:30:58]}
1-0

[Event "European Women's Championship"]
[Site "Vysoke Tatry"]
[Date "2018.04.12"]
[Round "5"]
[White "Ziaziulkina, Nastassia"]
[Black "Muzychuk, Mariya"]
[Result "1/2-1/2"]
[Board "2"]
[WhiteElo "2363"]
[WhiteTitle "IM"]
[WhiteCountry "BLR"]
[WhiteFideId "13505211"]
[WhiteEloChange "5"]
[BlackElo "2540"]
[BlackTitle "GM"]
[BlackCountry "UKR"]
[BlackFideId "14114550"]
[BlackEloChange "-2"]

1. e4 {[%clk 1:30:57]} c6 {[%clk 1:30:55]} 2. Nc3 {[%clk 1:30:37]} d5 {[%clk
1:31:08]} 3. Nf3 {[%clk 1:31:01]} Bg4 {[%clk 1:30:36]} 4. h3 {[%clk 1:31:19]}
Bxf3 {[%clk 1:30:44]} 5. Qxf3 {[%clk 1:31:43]} e6 {[%clk 1:30:37]} 6. Be2 {[%clk
1:30:18]} Nf6 {[%clk 1:29:48]} 7. O-O {[%clk 1:29:06]} Bc5 {[%clk 1:29:40]} 8. d3
{[%clk 1:24:44]} Nbd7 {[%clk 1:29:34]} 9. Qg3 {[%clk 1:24:48]} O-O {[%clk
1:29:30]} 10. Bf4 {[%clk 1:24:22]} Ne8 {[%clk 1:27:28]} 11. Rad1 {[%clk 1:24:04]}
Bd4 {[%clk 1:20:46]} 12. Bf3 {[%clk 1:24:28]} Qf6 {[%clk 1:12:45]} 13. Ne2 {[%clk
1:16:43]} Be5 {[%clk 1:12:42]} 14. d4 {[%clk 1:16:50]} Bxf4 {[%clk 1:13:07]} 15.
Nxf4 {[%clk 1:17:10]} dxe4 {[%clk 1:12:26]} 16. Bxe4 {[%clk 1:17:30]} Nb6 {[%clk
1:12:05]} 17. c3 {[%clk 1:10:02]} Rd8 {[%clk 1:11:22]} 18. Bc2 {[%clk 1:07:34]}
Nd6 {[%clk 1:07:38]} 19. Rfe1 {[%clk 1:03:07]} Nd5 {[%clk 1:04:17]} 20. Nd3
{[%clk 1:00:50]} Rfe8 {[%clk 1:01:44]} 21. Ne5 {[%clk 0:52:49]} Qf4 {[%clk
0:56:17]} 22. Qd3 {[%clk 0:52:52]} Qh4 {[%clk 0:56:17]} 23. Qf3 {[%clk 0:51:44]}
Qf4 {[%clk 0:43:21]} 24. Qh5 {[%clk 0:48:56]} g6 {[%clk 0:42:27]} 25. Qe2 {[%clk
0:46:49]} Qg5 {[%clk 0:42:09]} 26. g3 {[%clk 0:25:09]} h5 {[%clk 0:34:12]} 27. h4
{[%clk 0:23:06]} 1/2-1/2